000 00348nam a2200145Ia 4500
008 230718s9999 xx 000 0 und d
041 _aEng.
082 _a342.7
_bKHA-C
100 _aKhakhar,M Anwar
245 0 _aCorporate law decision(2012)
260 _aPakistan
_bPakistan Law Decision
_c2012
300 _a400
650 _aLaw
999 _c27583
_d27583